lecture notes obstetrics and gynaecology (Record no. 8721)

MARC details
000 -LEADER
fixed length control field 00315nam a2200133Ia 4500
008 - FIXED-LENGTH DATA ELEMENTS--GENERAL INFORMATION
fixed length control field 220613s9999||||xx |||||||||||||| ||und||
100 ## - MAIN ENTRY--PERSONAL NAME
Author Name diana hamilton f
245 #0 - TITLE STATEMENT
Title lecture notes obstetrics and gynaecology
250 ## - EDITION STATEMENT
Edition 3rd
260 ## - PUBLICATION, DISTRIBUTION, ETC. (IMPRINT)
Name of publisher wiley blachwell
300 ## - PHYSICAL DESCRIPTION
Page No 366
650 ## - SUBJECT ADDED ENTRY--TOPICAL TERM
Subject Maternity
942 ## - ADDED ENTRY ELEMENTS (KOHA)
Koha item type Nursing
Holdings
Withdrawn status Lost status Source of classification or shelving scheme Damaged status Not for loan Home library Current library Total Checkouts Barcode Copy number Koha item type
    Dewey Decimal Classification     SRHU Library System SRHU Library System   CL0013529 1 Obs & Gyne
Designed & Maintained by: SRHU Library System
Central Library, Contact: